[Event "CZE-ch U14 Girls"]
[Site "Kouty nad Desnou"]
[Date "2015.03.07"]
[Round "1"]
[White "Matoskova, Monika"]
[Black "Vilimova, Julie"]
[Result "0-1"]
[WhiteElo "1176"]
[BlackElo "1562"]
[PlyCount "78"]
[EventDate "2015.03.07"]
[EventType "swiss"]
[EventRounds "9"]
[EventCountry "CZE"]
[SourceTitle "EXT 2017"]
[Source "ChessBase"]
[SourceDate "2016.10.25"]
[SourceVersion "1"]
[SourceVersionDate "2016.10.25"]
[SourceQuality "1"]

1. e4 c5 2. Nf3 Nc6 3. d4 cxd4 4. Nxd4 g6 5. Be3 Bg7 6. Qd2 Nf6 7. f3 0-0 8. Nc3 d5 9. 0-0-0 Nxd4 10. Bxd4 dxe4 11. Nxe4 Nxe4 12. fxe4 Be6 13. Kb1 Qxd4 14. Qxd4 Bxd4 15. Rxd4 Rfd8 16. Rxd8+ Rxd8 17. Be2 Rd2 18. Bf3 Bd7 19. b3 Bc6 20. h4 Rd4 21. Re1 Kf8 22. Kb2 Rd6 23. e5 Rd2 24. Bxc6 bxc6 25. g3 Ke8 26. a4 Kd7 27. Kc3 Rd5 28. Rf1 Ke6 29. Re1 Rxe5 30. Rxe5+ Kxe5 31. Kd3 f5 32. Ke3 h6 33. c4 a5 34. b4 axb4 35. a5 Kd6 36. Kd2 Kc7 37. a6 Kb6 38. Kc2 Kxa6 39. Kb3 c5 0-1